XXXIII Informe sobre la política de competencia 2003: publicado en relación con el Informe general sobre la actividad de la Unión Europea 2003
Kaydedildi:
| Müşterek Yazar: | |
|---|---|
| Materyal Türü: | Kitap |
| Dil: | İspanyolca |
| Baskı/Yayın Bilgisi: |
Bruselas
Comunidades Europeas
2005
|
| Konular: | |
| Etiketler: |
Etiketle
Etiket eklenmemiş, İlk siz ekleyin!
|
MARC
| LEADER | 00000nam a2200000 a 4500 | ||
|---|---|---|---|
| 001 | UCK3664 | ||
| 003 | CL-VaPUC | ||
| 008 | 050506e20050000BE |||||||||||||||||spa|d | ||
| 020 | |a 9289483288 | ||
| 082 | 0 | 4 | |a 337.142 |b COM |2 21 |
| 110 | 2 | |a Comisión Europea |e author |9 491869 | |
| 245 | 1 | 0 | |a XXXIII Informe sobre la política de competencia 2003: publicado en relación con el Informe general sobre la actividad de la Unión Europea 2003 |
| 300 | |a 348 p | ||
| 942 | |c BK | ||
| 945 | |d 20050506 00:00:00 |a cmena | ||
| 260 | |a Bruselas |b Comunidades Europeas |c 2005 | ||
| 600 | 0 | 7 | |a UNION EUROPEA |2 CL-VaPUC |9 320734 |
| 650 | 0 | |a Competencia económica |9 256096 | |
| 650 | 0 | |a Monopolios |9 255549 | |
| 650 | 7 | |a COMERCIO INTERNACIONAL |2 CL-VaPUC |9 491870 | |
| 650 | 0 | |a Tratados internacionales |9 256056 | |
| 650 | 0 | |a Jurisprudencia |9 255952 | |
| 650 | 0 | |a Derecho internacional |9 255637 | |
| 583 | |a last modification |c 20050506 00:00:00 |k Rodrigo Vera | ||
| 999 | |c 312782 |d 312780 | ||
| 952 | |0 0 |1 0 |4 0 |6 337_142000000000000_COM_2005 |7 0 |8 A |9 383611 |a BIBDER |b BIBDER |d 2019-11-21 |i 4121341 |o 337.142 COM 2005 |p 4121341 |r 2023-01-25 |w 2019-11-21 |y BK |k DER | ||